书目信息 |
| 题名: |
近代中国百年史辞典
|
|
| 作者: | 李华兴 主编 | |
| 分册: | ||
| 出版信息: | 杭州 浙江人民出版社 1987.10 |
|
| 页数: | 773页 | |
| 开本: | 20cm | |
| 丛书名: | ||
| 单 册: | ||
| 中图分类: | K25-61 | |
| 科图分类: | ||
| 主题词: | 中国--历史--1840~1949--词典 | |
| 电子资源: | ||
| ISBN: | ||
| 000 | 00593nam0 2200205 45 | |
| 001 | 0312221749 | |
| 005 | 20050430113656.0 | |
| 010 | @dCNY7.50@b精装 | |
| 091 | @a17103.13 | |
| 100 | @a20031222d1987 km y0chiy0120 ea | |
| 101 | @achi | |
| 105 | @a z 000yy | |
| 200 | 1 | @a近代中国百年史辞典@AJin Dai Zhong Guo Bai Nian Shi Ci Dian@f李华兴主编@FLi Hua Xing Zhu Bian |
| 210 | @a杭州@c浙江人民出版社@d1987.10 | |
| 215 | @a773页@d20cm | |
| 606 | 0 | @a中国@x历史@z1840~1949@x词典 |
| 690 | @aK25-61@v3 | |
| 701 | 0 | @a李华兴@4主编 |
| 801 | @aCN@bTSTCL@c20031222 | |
| 905 | @dK25-61@e76@f1@b204803 | |
| 近代中国百年史辞典/李华兴主编.-杭州:浙江人民出版社,1987.10 |
| 773页;20cm |
| ISBN (精装):CNY7.50 |
| ● |
| 相关链接 |
|
|
|
|
正题名:近代中国百年史辞典
索取号:K25-61/76
 
预约/预借
| 序号 | 登录号 | 条形码 | 馆藏地/架位号 | 状态 | 备注 |
| 1 | 0204803 | 000807005 | 工具书阅览室/ [索取号:K25-61/76] | 在馆 | |
| 2 | 0204804 | 002033472 | 密集书库/ [索取号:K25-61/76] | 在馆 | |
| 3 | 0204805 | 202083501 | 第二样本阅览室/ [索取号:K25-61/76] | 在馆 |